Challenge of the millennium : (Record no. 10315)

MARC details
000 -LEADER
fixed length control field 00966nam a22002657a 4500
003 - CONTROL NUMBER IDENTIFIER
control field OSt
005 - DATE AND TIME OF LATEST TRANSACTION
control field 20260508011402.0
008 - FIXED-LENGTH DATA ELEMENTS--GENERAL INFORMATION
fixed length control field 260508b |||||||| |||| 00| 0 eng d
020 ## - INTERNATIONAL STANDARD BOOK NUMBER
International Standard Book Number 9786210000009
040 ## - CATALOGING SOURCE
Original cataloging agency DWCL Main Lib.
Transcribing agency OC
082 ## - DEWEY DECIMAL CLASSIFICATION NUMBER
Classification number Fil. 400 C437 2014
100 ## - MAIN ENTRY--PERSONAL NAME
Personal name Aguado, Marietha M.
Relator term Author
245 ## - TITLE STATEMENT
Title Challenge of the millennium :
Remainder of title the new grade 9 /
Statement of responsibility, etc. Marietha M. Aguado [and four others]
260 ## - PUBLICATION, DISTRIBUTION, ETC.
Place of publication, distribution, etc. Quezon City :
Name of publisher, distributor, etc. SIBS Publishing House,
Date of publication, distribution, etc. c2014.
300 ## - PHYSICAL DESCRIPTION
Extent xix , 405 pages :
Other physical details illustrations ;
Dimensions 26cm.
490 ## - SERIES STATEMENT
Series statement SIBS Communication Arts series.
500 ## - GENERAL NOTE
General note K to 12 curriculum complaint.
504 ## - BIBLIOGRAPHY, ETC. NOTE
Bibliography, etc. note Includes index, glossary and bibliographical references.
650 ## - SUBJECT ADDED ENTRY--TOPICAL TERM
Topical term or geographic name entry element 1. English -- Study and teaching.
700 ## - ADDED ENTRY--PERSONAL NAME
Personal name I. Gil, Avelina J.
Relator term Author
700 ## - ADDED ENTRY--PERSONAL NAME
Personal name II. Papango, Marla C.
Relator term Author
700 ## - ADDED ENTRY--PERSONAL NAME
Personal name III. Sedilla, Carleen S.
Relator term Author
700 ## - ADDED ENTRY--PERSONAL NAME
Personal name IV. Villamin, Araceli M.
Relator term Author
942 ## - ADDED ENTRY ELEMENTS (KOHA)
Source of classification or shelving scheme Dewey Decimal Classification
Koha item type Book-Filipiniana
Suppress in OPAC No
952 ## - LOCATION AND ITEM INFORMATION (KOHA)
--
952 ## - LOCATION AND ITEM INFORMATION (KOHA)
--
Holdings
Withdrawn status Lost status Source of classification or shelving scheme Damaged status Not for loan Home library Current library Shelving location Date acquired Source of acquisition Total Checkouts Full call number Barcode Date last seen Copy number Price effective from Koha item type Uniform Resource Identifier
    Dewey Decimal Classification     Junior High School Library Junior High School Library Filipiniana 12/10/2015 Evaluation copy   Fil. 400 C437 2014 JHS - 17864 05/08/2026 c1 05/08/2026 BK - FIL
    Dewey Decimal Classification     Junior High School Library Junior High School Library Filipiniana 01/13/2017 Evaluation copy   Fil. 400 C437 2014 JHS - 19103 05/08/2026 c2 05/08/2026 BK - FIL